000 00999nam a2200265 a 4500
999 _c435627
_d435627
003 BLK
005 20250217122146.0
008 180410b bul|||||r ||||||| ||bul||
020 _a9786191932108
040 _aBLK
041 _aBUL
_cBUL
080 _aАмериканска литература (на САЩ)
_b821.111(73)
_x-312.9
_z821.111(73)-312.9
100 _aСандерсън, Брандън
_eпърви автор
_9347185
139 _aСандерсън, Брандън
_bС 18
245 1 0 _aЛегион: Многото животи на Стивън Лийдс
_cБрандън Сандърсън; прев. Цветана Генчева
257 _aUSA
260 _bАртлайн Студиос
_c2021
_9217678
_aСофия
_dСтудио Арт Лайн
300 _a354 с.
_c21 см
380 _aX
852 _bП
_c821-31/С 18 Б
942 _cKNG
_n0
_013
_s0
944 _aCR
_c2020-01-02
_k30530
_lМинев Младен
999 _d347494
999 _d347494